Sports Quiz

Random Sports or Europe Quiz
Score 0/94 Timer 15:00
0 Plays Today
Year Player % Correct
2011/12 CL & ELSergio Agüero
97.7%
2012/13 CLSergio Agüero
97.7%
2013/14 CLSergio Agüero
97.7%
2015/16 CLSergio Agüero
97.7%
2016/17 CLSergio Agüero
97.7%
2017/18 CLSergio Agüero
97.7%
2014/15 CLSergio Agüero
97.7%
2018/19 CLDavid Silva
97.3%
2018/19 CLSergio Agüero
97.3%
2018/19 CLBernardo Silva
97.3%
2019/20 CLRaheem Sterling
97%
2019/20 CLGabriel Jesus
97%
2019/20 CLSergio Agüero
97%
2010/!1 ELDavid Silva
96%
2011/12 CL & ELDavid Silva
96%
2013/14 CLDavid Silva
96%
2015/16 CLDavid Silva
96%
2016/17 CLDavid Silva
96%
2017/18 CLBernardo Silva
95.4%
2018/19 CLRaheem Sterling
94.7%
2015/16 CLRaheem Sterling
92%
2016/17 CLRaheem Sterling
92%
2017/18 CLRaheem Sterling
92%
2018/19 CLGabriel Jesus
92%
2018/19 CLLeroy Sané
91.8%
2013/14 CLVincent Kompany
91.4%
2015/16 CLKevin De Bruyne
89.7%
2016/17 CLKevin De Bruyne
89.7%
2017/18 CLKevin De Bruyne
89.7%
2017/18 CLGabriel Jesus
89.1%
2019/20 CLNicolás Otamendi
87.9%
2010/!1 ELYaya Touré
87.4%
Year Player % Correct
2011/12 CL & ELYaya Touré
87.4%
2012/13 CLYaya Touré
87.4%
2013/14 CLYaya Touré
87.4%
2015/16 CLYaya Touré
87.4%
2014/15 CLYaya Touré
87.4%
2015/16 CLFernandinho
85.1%
2016/17 CLFernandinho
85.1%
2010/!1 ELEdin Dzeko
84.6%
2011/12 CL & ELEdin Dzeko
84.6%
2012/13 CLEdin Dzeko
84.6%
2013/14 CLEdin Dzeko
84.6%
2016/17 CLLeroy Sané
84.6%
2017/18 CLNicolás Otamendi
82.9%
2010/!1 ELMario Balotelli
79.4%
2011/12 CL & ELMario Balotelli
79.4%
2012/13 CLMario Balotelli
79.4%
2019/20 CLIlkay Gündogan
78.8%
2008/09 UEFA
77.7%
2010/!1 EL
77.7%
2008/09 UEFARobinho
77.1%
2016/17 CLJohn Stones
76%
2017/18 CLJohn Stones
76%
2013/14 CLJames Milner
72%
2014/15 CLJames Milner
72%
2018/19 CLRiyad Mahrez
72%
2010/!1 ELAleksandar Kolarov
70.9%
2011/12 CL & ELAleksandar Kolarov
70.9%
2012/13 CLAleksandar Kolarov
70.9%
2013/14 CLAleksandar Kolarov
70.9%
2012/13 CLSamir Nasri
69.1%
2013/14 CLSamir Nasri
69.1%
2014/15 CLSamir Nasri
69.1%
Year Player % Correct
2014/15 CLPablo Zabaleta
68%
2016/17 CLIlkay Gündogan
66.9%
2017/18 CLIlkay Gündogan
66.9%
2018/19 CLAymeric Laporte
65.3%
2018/19 CLPhil Foden
63.8%
2019/20 CLPhil Foden
63.6%
2013/14 CLÁlvaro Negredo
62.9%
2010/!1 ELEmmanuel Adebayor
59.4%
2015/16 CLMartin Demichelis
49.1%
2008/09 UEFACraig Bellamy
48.6%
2008/09 UEFAShaun Wright-Phillips
46.3%
2010/!1 ELShaun Wright-Phillips
46.3%
2010/!1 ELAdam Johnson
46.3%
2003/04 UEFANicolas Anelka
45.7%
2003/04 UEFARobbie Fowler
44.6%
2016/17 CLFabian Delph
44.6%
2008/09 UEFAStephen Ireland
44%
2008/09 UEFAElano
42.9%
2016/17 CLKelechi Iheanacho
34.3%
2008/09 UEFADarius Vassell
32.6%
2016/17 CLNolito
32.6%
2015/16 CLWilfried Bony
30.3%
2008/09 UEFAMartin Petrov
26.9%
2008/09 UEFABenjani
26.9%
2008/09 UEFADietmar Hamann
18.3%
2003/04 UEFAAntoine Sibierski
15.4%
2008/09 UEFAFelipe Caicedo
13.1%
2008/09 UEFANedum Onuoha
13.1%
2010/!1 ELDedryck Boyata
10.9%
2011/12 CL & ELDavid Pizarro
9.7%
Come Together.
Have Fun.
All Virtual.
We all need to come together. Play Sporcle's virtual live trivia to have fun, connect with people, and get your trivia on. Join a live hosted trivia game for your favorite pub trivia experience done virtually. If a virtual private party is more your thing, go here for details.

You're not logged in!

Compare scores with friends on all Sporcle quizzes.
OR
Log In

Sporcle TV

Today on Sporcle TV


Watch our educational content, quiz creation guides, and fun videos on Sporcle TV.

Show Comments

Extras

Top Quizzes Today


Score Distribution

Paid Content

Your Account Isn't Verified!

In order to create a playlist on Sporcle, you need to verify the email address you used during registration. Go to your Sporcle Settings to finish the process.

Report this User

Report this user for behavior that violates our Community Guidelines.

Details: